000 00459nam a22001817a 4500
005 20250824172800.0
008 250824b |||||||| |||| 00| 0 eng d
020 _a9789390715183
041 _aEnglish
082 _a346.03 PIL
100 _aPillai, P S A
245 _aLaw of Tort: with Law of Statutory Compensation and Consumer Protection
250 _a9th
260 _aLucknow
_bEBC
_c2024
300 _a703p.
650 _bTort
_aTort
942 _cTB
999 _c9523
_d9523